Switching in IP networks: IP switching, tag switching and related technologies (Record no. 5725)

000 -LEADER
fixed length control field 00860 a2200253 4500
020 ## - INTERNATIONAL STANDARD BOOK NUMBER
International Standard Book Number 1-55860-505-3
040 ## - CATALOGING SOURCE
Original cataloging agency DLC
082 ## - DEWEY DECIMAL CLASSIFICATION NUMBER
Classification number 004.66
082 ## - DEWEY DECIMAL CLASSIFICATION NUMBER
Classification number 004.66
100 1# - MAIN ENTRY--PERSONAL NAME
Personal name Davie, Bruce S.
245 00 - TITLE STATEMENT
Title Switching in IP networks: IP switching, tag switching and related technologies
Remainder of title IP switching, tag switching and related technologies /
Statement of responsibility, etc. Bruce Davie, Paul Doolan, Yakov Rekhter
260 ## - PUBLICATION, DISTRIBUTION, ETC.
Place of publication, distribution, etc. San Francisco, Calif. :
Name of publisher, distributor, etc. M. Kaufmann,
Date of publication, distribution, etc. cop. 1998
300 ## - PHYSICAL DESCRIPTION
Extent xv, 255 s. :
Other physical details ill.
440 #4 - SERIES STATEMENT/ADDED ENTRY--TITLE
Title The Morgan Kaufmann series in networking,
650 #0 - SUBJECT ADDED ENTRY--TOPICAL TERM
Topical term or geographic name entry element Internet (Computer network)
650 #0 - SUBJECT ADDED ENTRY--TOPICAL TERM
Topical term or geographic name entry element Telecommunication
General subdivision Switching systems
650 #0 - SUBJECT ADDED ENTRY--TOPICAL TERM
Topical term or geographic name entry element Internetworking (Telecommunication)
650 #0 - SUBJECT ADDED ENTRY--TOPICAL TERM
Topical term or geographic name entry element Internet
650 #0 - SUBJECT ADDED ENTRY--TOPICAL TERM
Topical term or geographic name entry element Network
650 #0 - SUBJECT ADDED ENTRY--TOPICAL TERM
Topical term or geographic name entry element Telecommunication
700 1# - ADDED ENTRY--PERSONAL NAME
Personal name Doolan, Paul
700 1# - ADDED ENTRY--PERSONAL NAME
Personal name Rekhter, Yakov
942 ## - ADDED ENTRY ELEMENTS (KOHA)
Koha item type Book
Call number prefix 004.66 DAV
Source of classification or shelving scheme
Holdings
Withdrawn status Lost status Damaged status Not for loan Collection code Permanent Location Current Location Shelving location Date acquired Source of acquisition Cost, normal purchase price Total Checkouts Full call number Barcode Date last seen Price effective from Koha item type
          Central Library (CL) Central Library (CL) First Floor - Data Communication/Network/Architecture 11/18/2002 Progressive International Agencies 2874.33   004.66 DAV SEECS002763 11/14/2012 01/05/2017 Book
© 2023 Central Library, National University of Sciences and Technology. All Rights Reserved.